000 00314nam a22001217a 4500
008 180906b xxu||||| |||| 00| 0 eng d
041 _aeng
080 _a159.9
100 _a49
101 _aPSI
245 _aComplete Guide Therapy From Psycho aanalysis To behavior Modification
_cKovel.j
942 _2udc
_cBK
999 _c47572
_d47572